[Event "World Corporate East C"]
[Site "Chess.com INT"]
[Date "2021.02.20"]
[Round "6.6"]
[White "Gupta, Ashish Bajaranglal"]
[Black "Arun, Kumar A"]
[Result "1-0"]
[WhiteElo "1515"]
[BlackElo "1639"]
[PlyCount "41"]
[EventDate "2021.02.19"]
[EventType "team (rapid)"]
[EventRounds "7"]
[EventCountry "USA"]
[SourceTitle "EXT 2022"]
[Source "ChessBase"]
[SourceDate "2021.10.06"]
[SourceVersion "1"]
[SourceVersionDate "2021.10.06"]
[SourceQuality "1"]
[WhiteTeam "E Zest Solutions"]
[BlackTeam "Cognizant Tamil Nadu"]
[WhiteTeamCountry "IND"]
[BlackTeamCountry "IND"]

1. d4 e6 2. c4 f5 3. Nc3 Bb4 4. Nf3 Nf6 5. a3 Bxc3+ 6. bxc3 b6 7. Bf4 Bb7 8. e3 0-0 9. Bd3 d6 10. h3 Nbd7 11. g4 fxg4 12. hxg4 Nxg4 13. Bxh7+ Kf7 14. Ng5+ Ke7 15. Qxg4 Rf6 16. Ne4 Bxe4 17. Qxg7+ Rf7 18. Bg5+ Nf6 19. Bxf6+ Ke8 20. Qg8+ Rf8 21. Qxe6+ 1-0

[Event "World Corporate East C"]
[Site "Chess.com INT"]
[Date "2021.02.20"]
[Round "4.5"]
[White "Maier, Adrien"]
[Black "Arun, Kumar A"]
[Result "0-1"]
[WhiteElo "1800"]
[BlackElo "1639"]
[PlyCount "52"]
[EventDate "2021.02.19"]
[EventType "team (rapid)"]
[EventRounds "7"]
[EventCountry "USA"]
[SourceTitle "EXT 2022"]
[Source "ChessBase"]
[SourceDate "2021.10.06"]
[SourceVersion "1"]
[SourceVersionDate "2021.10.06"]
[SourceQuality "1"]
[WhiteTeam "Societe Generale"]
[BlackTeam "Cognizant Tamil Nadu"]
[WhiteTeamCountry "FRA"]
[BlackTeamCountry "IND"]

1. e4 d6 2. d4 Nf6 3. Nc3 Nbd7 4. Be3 e5 5. Nf3 Be7 6. Bc4 h6 7. 0-0 c6 8. dxe5 dxe5 9. h3 Qc7 10. Qe2 Nf8 11. Rfd1 g5 12. Nh2 Ng6 13. Bb3 Rg8 14. Ng4 Nxg4 15. hxg4 Nf4 16. Bxf4 gxf4 17. f3 h5 18. gxh5 Bh3 19. Qc4 Rxg2+ 20. Kh1 Be6 21. Qf1 Rg5 22. Bxe6 fxe6 23. Rd2 Rxh5+ 24. Kg1 Bc5+ 25. Rf2 Qg7+ 26. Qg2 Rg5 0-1